[Event "CCM5 - 12. ORDIX Open"]
[Site "Mainz"]
[Date "2005.??.??"]
[Round "10"]
[White "Portisch, Lajos"]
[Black "Nisipeanu, Liviu Dieter"]
[Result "1/2-1/2"]
[WhiteElo "2536"]
[BlackElo "2681"]
[PlyCount "86"]
[EventDate "2005.??.??"]
[EventType "rapid"]
[EventCountry "GER"]
[Source "Mike Rosa"]
[SourceDate "2009.01.01"]

1. d4 Nf6 2. c4 c5 3. d5 e5 4. Nc3 d6 5. e4 Be7 6. g3 O-O 7. Bg2 Nbd7 8. Nge2
Ne8 9. O-O g6 10. Be3 Ng7 11. Qd2 f5 12. f3 Nf6 13. Kh1 Bd7 14. a4 a6 15. Qd3
Qc7 16. Bg1 g5 17. exf5 Nxf5 18. f4 exf4 19. gxf4 g4 20. Ng3 Ne8 21. Rae1 Neg7
22. b3 Bh4 23. Bf2 Rae8 24. Nce4 Qd8 25. Qc3 b5 26. axb5 axb5 27. Nxf5 Nxf5 28.
Bxh4 Qxh4 29. Kg1 b4 30. Qd2 h6 31. Ra1 Nd4 32. Ra7 Re7 33. Qf2 Qxf2+ 34. Rxf2
Nf5 35. Rfa2 Nh4 36. Nxd6 Rxf4 37. Rf2 Nf3+ 38. Bxf3 gxf3 39. h3 Rf6 40. Nb5
Rg6+ 41. Kh2 Re2 42. Rxe2 fxe2 43. Ra1 Bxb5 1/2-1/2

[Event "CCM5 - 12. ORDIX Open"]
[Site "Mainz"]
[Date "2005.??.??"]
[Round "11"]
[White "Aronian, Levon"]
[Black "Shirov, Alexei"]
[Result "1/2-1/2"]
[WhiteElo "2724"]
[BlackElo "2705"]
[PlyCount "78"]
[EventDate "2005.??.??"]
[EventType "rapid"]
[EventCountry "GER"]
[Source "Mike Rosa"]
[SourceDate "2009.01.01"]

1. c4 c6 2. d4 d5 3. Nc3 Nf6 4. e3 a6 5. Nf3 b5 6. c5 g6 7. Qb3 a5 8. Ne5 a4 9.
Qd1 Bg7 10. f4 Ne4 11. Bd3 f6 12. Nf3 f5 13. Ne5 Qc7 14. g4 Nxc3 15. bxc3 fxg4
16. e4 dxe4 17. Bxe4 O-O 18. O-O Bf5 19. Bg2 h5 20. Qe2 e6 21. Bd2 Bxe5 22.
fxe5 Na6 23. Qe3 Qd7 24. Qg5 Nc7 25. Rf4 Nd5 26. Rxf5 Rxf5 27. Qxg6+ Kh8 28.
Qh6+ Kg8 29. Qg6+ Kh8 30. Be4 Raf8 31. Qh6+ Kg8 32. Qg6+ Kh8 33. Qh6+ Kg8 34.
Qg6+ Kh8 35. Bxf5 Rxf5 36. Rf1 Qh7 37. Qe8+ Kg7 38. Qd7+ Kh8 39. Qe8+ Kg7
1/2-1/2

[Event "CCM5 - 12. ORDIX Open"]
[Site "Mainz"]
[Date "2005.??.??"]
[Round "11"]
[White "Gyimesi, Zoltan"]
[Black "David, Alberto"]
[Result "1/2-1/2"]
[WhiteElo "2628"]
[BlackElo "2579"]
[PlyCount "98"]
[EventDate "2005.??.??"]
[EventType "rapid"]
[EventCountry "GER"]
[Source "Mike Rosa"]
[SourceDate "2009.01.01"]

1. c4 Nf6 2. d4 d6 3. Nc3 g6 4. e4 e5 5. Be2 Bg7 6. Nf3 O-O 7. O-O Nc6 8. d5
Ne7 9. Re1 Nh5 10. b4 f5 11. Ng5 Nf6 12. Bf3 c6 13. Be3 h6 14. Ne6 Bxe6 15.
dxe6 Nxe4 16. Nxe4 fxe4 17. Bxe4 d5 18. cxd5 cxd5 19. Bc5 dxe4 20. Qxd8 Rfxd8
21. Bxe7 Re8 22. Bc5 Rxe6 23. Rxe4 Rd8 24. h4 Rd5 25. Be3 Rc6 26. a4 a6 27. Kf1
Rcd6 28. Rb1 Rd1+ 29. Rxd1 Rxd1+ 30. Ke2 Rd7 31. Rc4 Kf7 32. Kf3 Ke6 33. Ke4
Bf6 34. Rc5 Bxh4 35. Rxe5+ Kf7 36. Rd5 Re7+ 37. Kd4 Rc7 38. Rc5 Rd7+ 39. Kc4
Be7 40. Rc8 b5+ 41. axb5 axb5+ 42. Kc3 h5 43. Bc5 Bf6+ 44. Kc2 h4 45. Rb8 Rd5
46. Rb7+ Ke6 47. Rb6+ Kf7 48. Rb7+ Ke6 49. Rb6+ Kf7 1/2-1/2

[Event "CCM5 - 12. ORDIX Open"]
[Site "Mainz"]
[Date "2005.??.??"]
[Round "11"]
[White "Radjabov, Teimour"]
[Black "Dreev, Alexey"]
[Result "1/2-1/2"]
[WhiteElo "2682"]
[BlackElo "2698"]
[PlyCount "24"]
[EventDate "2005.??.??"]
[EventType "rapid"]
[EventCountry "GER"]
[Source "Mike Rosa"]
[SourceDate "2009.01.01"]

1. d4 d5 2. c4 c6 3. Nc3 Nf6 4. Nf3 e6 5. Bg5 h6 6. Bxf6 Qxf6 7. e3 Nd7 8. Bd3
dxc4 9. Bxc4 Bd6 10. O-O Qe7 11. a3 O-O 12. Qc2 Rd8 1/2-1/2

[Event "CCM5 - 12. ORDIX Open"]
[Site "Mainz"]
[Date "2005.??.??"]
[Round "11"]
[White "Sokolov, Ivan"]
[Black "Morozevich, Alexander"]
[Result "1/2-1/2"]
[WhiteElo "2717"]
[BlackElo "2728"]
[PlyCount "69"]
[EventDate "2005.??.??"]
[EventType "rapid"]
[EventCountry "GER"]
[Source "Mike Rosa"]
[SourceDate "2009.01.01"]

1. d4 d5 2. c4 c6 3. Nc3 dxc4 4. e4 b5 5. a4 b4 6. Nce2 Nf6 7. Ng3 c5 8. e5 Nd5
9. Bxc4 e6 10. Nf3 Ba6 11. Bb5+ Bxb5 12. axb5 Qb6 13. Qd3 cxd4 14. O-O Nd7 15.
Nxd4 Nxe5 16. Qe4 Nd7 17. Nh5 g6 18. Ra6 gxh5 19. Rxb6 axb6 20. Bg5 Nc5 21. Qf3
Bg7 22. Nf5 Bxb2 23. Nd6+ Kd7 24. Nxf7 Rhg8 25. Rd1 Ra1 26. Ne5+ Kc8 27. Rxa1
Bxa1 28. Qf7 Rxg5 29. Qe8+ Kc7 30. Qc6+ Kb8 31. Qe8+ Kb7 32. Qf7+ Nc7 33. Qf3+
Nd5 34. Qf7+ Nc7 35. Qf3+ 1/2-1/2

[Event "CCM5 - 12. ORDIX Open"]
[Site "Mainz"]
[Date "2005.??.??"]
[Round "11"]
[White "Vogt, Lothar"]
[Black "Sargissian, Gabriel"]
[Result "0-1"]
[WhiteElo "2484"]
[BlackElo "2620"]
[PlyCount "94"]
[EventDate "2005.??.??"]
[EventType "rapid"]
[EventCountry "GER"]
[Source "Mike Rosa"]
[SourceDate "2009.01.01"]

1. e4 e5 2. Nf3 Nc6 3. Bb5 Nf6 4. O-O Nxe4 5. d4 Nd6 6. Bxc6 dxc6 7. dxe5 Nf5
8. Qxd8+ Kxd8 9. Rd1+ Ke8 10. Nc3 Ne7 11. h3 h6 12. b3 Ng6 13. Ne4 a5 14. a4
Bf5 15. Re1 Rd8 16. Bd2 b6 17. Bc3 c5 18. g4 Be6 19. Rad1 Be7 20. Kg2 Rxd1 21.
Rxd1 h5 22. Kg3 hxg4 23. hxg4 c4 24. Nd4 Bh4+ 25. Kg2 Bxg4 26. Rh1 cxb3 27.
cxb3 Bd8 28. Rxh8+ Nxh8 29. f3 Bd7 30. f4 Ng6 31. Kf3 Nh4+ 32. Ke3 Nf5+ 33. Kd3
Nxd4 34. Bxd4 Bf5 35. Ke3 Kd7 36. Ng3 Bc2 37. f5 Bh4 38. Kd2 Bxb3 39. Nh5 g6
40. e6+ Ke8 41. Bf6 Bxf6 42. Nxf6+ Ke7 43. Ng8+ Kf8 44. e7+ Ke8 45. Kc3 Bxa4
46. Kd4 gxf5 47. Ke5 Bd7 0-1

[Event "CCM6 - 13. ORDIX Open"]
[Site "Mainz"]
[Date "2006.??.??"]
[Round "1"]
[White "Grischuk, Alexander"]
[Black "Goeke, Bend"]
[Result "1-0"]
[WhiteElo "2719"]
[BlackElo "2117"]
[PlyCount "61"]
[EventDate "2006.??.??"]
[EventType "rapid"]
[EventRounds "11"]
[EventCountry "GER"]
[Source "Mike Rosa"]
[SourceDate "2009.01.01"]

1. e4 c6 2. d4 d5 3. e5 Bf5 4. Nd2 e6 5. Nb3 Nd7 6. Nf3 Qc7 7. Be3 c5 8. dxc5
Bxc5 9. Nxc5 Nxc5 10. Bb5+ Kf8 11. O-O a6 12. Be2 Ne7 13. c4 dxc4 14. Bxc4 Rd8
15. Qc1 Nd7 16. Bb3 Qxc1 17. Raxc1 Nc6 18. Nd4 Ndxe5 19. Nxf5 exf5 20. Bb6 Rd2
21. Rcd1 Rxd1 22. Rxd1 f4 23. Bc5+ Ke8 24. Bd5 h5 25. f3 h4 26. h3 Rh5 27. b4
Nd7 28. Bd6 g5 29. Re1+ Kd8 30. Bxf7 Rh7 31. Re8# 1-0

[Event "CCM6 - 13. ORDIX Open"]
[Site "Mainz"]
[Date "2006.??.??"]
[Round "1"]
[White "Harikrishna, Pentala"]
[Black "Schell, Walter"]
[Result "1-0"]
[WhiteElo "2682"]
[BlackElo "2112"]
[PlyCount "65"]
[EventDate "2006.??.??"]
[EventType "rapid"]
[EventRounds "11"]
[EventCountry "GER"]
[Source "Mike Rosa"]
[SourceDate "2009.01.01"]

1. e4 e5 2. Nf3 Nc6 3. Bb5 Nf6 4. O-O Nxe4 5. d4 Nd6 6. Bxc6 dxc6 7. dxe5 Nf5
8. Qxd8+ Kxd8 9. Nc3 Bd7 10. h3 h6 11. Bd2 Be7 12. Ne2 Ke8 13. Bc3 Be6 14. Ned4
Bc5 15. Nxe6 fxe6 16. Rad1 Rd8 17. Rxd8+ Kxd8 18. g4 Ne7 19. Bd4 Bxd4 20. Nxd4
Kd7 21. Rd1 Ng6 22. Nf5+ Kc8 23. Nxg7 Nxe5 24. Nxe6 Re8 25. Ng7 Rg8 26. Nf5 Rh8
27. Ne7+ Kb8 28. f4 Nc4 29. b3 Ne3 30. Rd2 Re8 31. Kf2 b6 32. Nxc6+ Kb7 33. Ne5
1-0

[Event "CCM6 - 13. ORDIX Open"]
[Site "Mainz"]
[Date "2006.??.??"]
[Round "1"]
[White "Jussupow, Nadia"]
[Black "Shirov, Alexei"]
[Result "0-1"]
[WhiteElo "2112"]
[BlackElo "2699"]
[PlyCount "52"]
[EventDate "2006.??.??"]
[EventType "rapid"]
[EventRounds "11"]
[EventCountry "GER"]
[Source "Mike Rosa"]
[SourceDate "2009.01.01"]

1. d4 Nf6 2. Nf3 e6 3. Bg5 c5 4. e3 Qb6 5. Qc1 Nc6 6. c3 Be7 7. Bd3 d6 8. Nbd2
h6 9. Bh4 g5 10. Bg3 Nh5 11. Nc4 Qd8 12. dxc5 Nxg3 13. hxg3 dxc5 14. Qc2 Qc7
15. O-O-O Bd7 16. e4 O-O-O 17. e5 g4 18. Nd6+ Bxd6 19. exd6 Qa5 20. Nd2 Qxa2
21. Ne4 c4 22. Be2 Na5 23. Qb1 Nb3+ 24. Kc2 Qa4 25. Rde1 Bc6 26. Nd2 Rxd6 0-1

[Event "CCM6 - 13. ORDIX Open"]
[Site "Mainz"]
[Date "2006.??.??"]
[Round "1"]
[White "Morozevich, Alexander"]
[Black "Bonnaire, Ulrich"]
[Result "1-0"]
[WhiteElo "2730"]
[BlackElo "2193"]
[PlyCount "61"]
[EventDate "2006.??.??"]
[EventType "rapid"]
[EventRounds "11"]
[EventCountry "GER"]
[Source "Mike Rosa"]
[SourceDate "2009.01.01"]

1. e4 c5 2. Nf3 e6 3. d4 cxd4 4. Nxd4 a6 5. Bd3 b5 6. O-O Bb7 7. a4 b4 8. Nd2
Qc7 9. Nc4 Nc6 10. Nxc6 Bxc6 11. Re1 d6 12. a5 Nf6 13. Nb6 Rd8 14. c3 bxc3 15.
Qc2 Bb7 16. Ra3 Be7 17. Rxc3 Qb8 18. Qa4+ Kf8 19. Bf4 Kg8 20. Rec1 e5 21. Bg5
h6 22. Bxf6 Bxf6 23. Nd7 Qa8 24. Nxf6+ gxf6 25. Rc7 d5 26. exd5 Bxd5 27. Qg4+
Kf8 28. Rc8 Rg8 29. Rxa8 Bxa8 30. Qb4+ Ke8 31. Be4 1-0

[Event "CCM6 - 13. ORDIX Open"]
[Site "Mainz"]
[Date "2006.??.??"]
[Round "1"]
[White "Rubel, Julian"]
[Black "Kasimdzhanov, Rustam"]
[Result "0-1"]
[WhiteElo "2111"]
[BlackElo "2673"]
[PlyCount "76"]
[EventDate "2006.??.??"]
[EventType "rapid"]
[EventRounds "11"]
[EventCountry "GER"]
[Source "Mike Rosa"]
[SourceDate "2009.01.01"]

1. d4 Nf6 2. Bg5 Ne4 3. Bf4 e6 4. f3 Bd6 5. Bxd6 Nxd6 6. Nh3 f5 7. Nc3 O-O 8.
Qd3 b6 9. O-O-O Ba6 10. Qd2 Nc4 11. Qg5 Qxg5+ 12. Nxg5 Ne3 13. Rd2 h6 14. Nh3
Nc6 15. Rg1 Rae8 16. Nf2 Nb4 17. g4 f4 18. a3 Nbd5 19. Nce4 Nc4 20. Rd3 Nde3
21. Nd1 d5 22. Nef2 e5 23. dxe5 Rxe5 24. Nc3 c6 25. Bh3 g5 26. Rd4 c5 27. Rd3
Rfe8 28. Re1 Kg7 29. Kb1 R8e7 30. Rc1 R7e6 31. Ka2 Nd6 32. Rd2 d4 33. Nce4 Nxe4
34. Nxe4 Bb7 35. c3 Bxe4 36. cxd4 Bd5+ 37. Kb1 cxd4 38. Rxd4 Re7 0-1

[Event "CCM6 - 13. ORDIX Open"]
[Site "Mainz"]
[Date "2006.??.??"]
[Round "1"]
[White "Seifert, Norbert"]
[Black "Mamedyarov, Shakhriyar"]
[Result "0-1"]
[WhiteElo "2119"]
[BlackElo "2722"]
[PlyCount "26"]
[EventDate "2006.??.??"]
[EventType "rapid"]
[EventRounds "11"]
[EventCountry "GER"]
[Source "Mike Rosa"]
[SourceDate "2009.01.01"]

1. d4 Nf6 2. Nf3 g6 3. Nbd2 Bg7 4. e4 O-O 5. Bd3 c5 6. c3 d6 7. O-O cxd4 8.
Nxd4 Nbd7 9. Re1 a6 10. N2f3 Nc5 11. Bc2 Qc7 12. h3 b5 13. Bf4 e5 0-1

[Event "CCM6 - 13. ORDIX Open"]
[Site "Mainz"]
[Date "2006.??.??"]
[Round "1"]
[White "Sohl, Jan"]
[Black "Bacrot, Etienne"]
[Result "0-1"]
[WhiteElo "2115"]
[BlackElo "2708"]
[PlyCount "54"]
[EventDate "2006.??.??"]
[EventType "rapid"]
[EventRounds "11"]
[EventCountry "GER"]
[Source "Mike Rosa"]
[SourceDate "2009.01.01"]

1. e4 b6 2. d4 Bb7 3. Bd3 Nf6 4. Qe2 Nc6 5. c3 e5 6. d5 Ne7 7. h4 c6 8. c4 h5
9. Nf3 Ng6 10. Nc3 Bc5 11. g3 Qc7 12. a3 a5 13. O-O O-O 14. Nd1 b5 15. b3 a4
16. b4 bxc4 17. Bxc4 cxd5 18. exd5 Bb6 19. Nd2 Rac8 20. Bb2 e4 21. Kg2 Nxd5 22.
Bxd5 Bxd5 23. Ne3 Be6 24. Rac1 Qa7 25. Nxe4 Bxe3 26. fxe3 Rxc1 27. Rxc1 Bd5 0-1

[Event "CCM6 - 13. ORDIX Open"]
[Site "Mainz"]
[Date "2006.??.??"]
[Round "1"]
[White "Volokitin, Andrei"]
[Black "Bogojawlenskij, Lew"]
[Result "1-0"]
[WhiteElo "2677"]
[BlackElo "2112"]
[PlyCount "55"]
[EventDate "2006.??.??"]
[EventType "rapid"]
[EventRounds "11"]
[EventCountry "GER"]
[Source "Mike Rosa"]
[SourceDate "2009.01.01"]

1. e4 c5 2. Nf3 Nc6 3. d4 cxd4 4. Nxd4 Nf6 5. Nc3 e5 6. Ndb5 d6 7. Bg5 Be7 8.
Bxf6 gxf6 9. Nd5 O-O 10. Nxe7+ Nxe7 11. Qxd6 Qxd6 12. Nxd6 Rd8 13. O-O-O Be6
14. b3 b6 15. Bc4 Nc8 16. Nf5 Rf8 17. Ne3 Ne7 18. Rd6 Bxc4 19. Nxc4 Kg7 20.
Rhd1 Rfc8 21. Rd7 Nc6 22. Nd6 Rd8 23. Nxf7 Rxd7 24. Rxd7 Kg6 25. Nd6 Nd4 26. c3
Ne6 27. Kc2 Rc8 28. Nf5 1-0

[Event "CCM6 - 13. ORDIX Open"]
[Site "Mainz"]
[Date "2006.??.??"]
[Round "1"]
[White "Willems, Matthias"]
[Black "Sargissian, Gabriel"]
[Result "0-1"]
[WhiteElo "2112"]
[BlackElo "2680"]
[PlyCount "44"]
[EventDate "2006.??.??"]
[EventType "rapid"]
[EventRounds "11"]
[EventCountry "GER"]
[Source "Mike Rosa"]
[SourceDate "2009.01.01"]

1. d4 Nf6 2. Nf3 e6 3. Bf4 b6 4. e3 Bb7 5. Bd3 d6 6. h3 Nbd7 7. O-O Be7 8. c3
O-O 9. Nbd2 c5 10. Qe2 a6 11. e4 g6 12. e5 Nd5 13. Bh6 Re8 14. Ne4 dxe5 15.
dxe5 Qc7 16. Neg5 Nf4 17. Qd2 Nxd3 18. Qxd3 Nxe5 19. Nxe5 Qxe5 20. Nf3 Qd5 21.
Qe3 Qh5 22. Bf4 Bxf3 0-1

[Event "CCM6 - 13. ORDIX Open"]
[Site "Mainz"]
[Date "2006.??.??"]
[Round "2"]
[White "Bacrot, Etienne"]
[Black "Stockmann, Michael"]
[Result "1-0"]
[WhiteElo "2708"]
[BlackElo "2269"]
[PlyCount "64"]
[EventDate "2006.??.??"]
[EventType "rapid"]
[EventRounds "11"]
[EventCountry "GER"]
[Source "Mike Rosa"]
[SourceDate "2009.01.01"]

1. d4 Nf6 2. c4 e6 3. Nc3 Bb4 4. Nf3 c5 5. g3 O-O 6. Bg2 d6 7. O-O Nc6 8. Be3
Ng4 9. Bg5 f6 10. Bc1 cxd4 11. Nxd4 Nge5 12. Ne4 f5 13. Nxc6 bxc6 14. a3 Bxa3
15. bxa3 fxe4 16. Bxe4 d5 17. cxd5 cxd5 18. Bg2 Ba6 19. Bf4 Nc4 20. Qa4 Qa5 21.
Qd7 Bc8 22. Qc6 Qb6 23. Qa4 Bb7 24. Rab1 Qc6 25. Qb4 Ba6 26. e4 dxe4 27. Rfe1
Rac8 28. Rxe4 Qd5 29. Qe7 Rce8 30. Qxa7 Qd3 31. Rbe1 Ra8 32. Qd4 Qxe4 1-0

[Event "CCM6 - 13. ORDIX Open"]
[Site "Mainz"]
[Date "2006.??.??"]
[Round "2"]
[White "Kasimdzhanov, Rustam"]
[Black "Koehler, Ronald"]
[Result "1-0"]
[WhiteElo "2673"]
[BlackElo "2262"]
[PlyCount "93"]
[EventDate "2006.??.??"]
[EventType "rapid"]
[EventRounds "11"]
[EventCountry "GER"]
[Source "Mike Rosa"]
[SourceDate "2009.01.01"]

1. e4 c5 2. Nf3 Nc6 3. d4 cxd4 4. Nxd4 Nf6 5. Nc3 e5 6. Ndb5 d6 7. Bg5 a6 8.
Na3 b5 9. Nd5 Be7 10. Bxf6 Bxf6 11. c3 Bg5 12. Nc2 Ne7 13. Ncb4 O-O 14. Be2 a5
15. Nxe7+ Qxe7 16. Nd5 Qb7 17. Qd3 Rb8 18. Qg3 Bd8 19. Rd1 Be6 20. O-O Rc8 21.
Rd2 Rc5 22. Rfd1 b4 23. c4 Bxd5 24. Rxd5 Rxd5 25. Rxd5 Qe7 26. Qd3 Bc7 27. c5
Rd8 28. c6 g6 29. g3 Bb6 30. Bg4 Qg5 31. Qd1 Qf6 32. Qc2 Qe7 33. Kg2 Qa7 34.
Rb5 Kg7 35. Rxb6 Qxb6 36. c7 h5 37. cxd8=Q Qxd8 38. Be2 Qb6 39. Bc4 Qd4 40. Bd5
Qc5 41. Qxc5 dxc5 42. h4 f6 43. Kf3 g5 44. Ke3 Kg6 45. Bc6 gxh4 46. gxh4 f5 47.
Be8+ 1-0

[Event "CCM6 - 13. ORDIX Open"]
[Site "Mainz"]
[Date "2006.??.??"]
[Round "2"]
[White "Mamedyarov, Shakhriyar"]
[Black "Martin, Stefan"]
[Result "1-0"]
[WhiteElo "2722"]
[BlackElo "2273"]
[PlyCount "59"]
[EventDate "2006.??.??"]
[EventType "rapid"]
[EventRounds "11"]
[EventCountry "GER"]
[Source "Mike Rosa"]
[SourceDate "2009.01.01"]

1. d4 Nf6 2. Bg5 e6 3. e4 h6 4. Bxf6 Qxf6 5. Nc3 d6 6. Qd2 g5 7. O-O-O Bg7 8.
e5 Qe7 9. f4 gxf4 10. Nf3 Nc6 11. exd6 cxd6 12. Qxf4 O-O 13. d5 e5 14. Qc4 Nd8
15. g4 a6 16. Rg1 Qf6 17. Qe4 Qf4+ 18. Qxf4 exf4 19. g5 h5 20. Ne4 Bg4 21. Nf6+
Bxf6 22. gxf6 Kh8 23. Be2 Rg8 24. h3 Bxh3 25. Ng5 Bf5 26. Bxh5 Rc8 27. c3 Rc5
28. Bxf7 Rxg5 29. Rh1+ Bh7 30. Rxh7+ 1-0

[Event "CCM6 - 13. ORDIX Open"]
[Site "Mainz"]
[Date "2006.??.??"]
[Round "2"]
[White "Sargissian, Gabriel"]
[Black "Sustermann, Anna"]
[Result "1-0"]
[WhiteElo "2680"]
[BlackElo "2262"]
[PlyCount "36"]
[EventDate "2006.??.??"]
[EventType "rapid"]
[EventRounds "11"]
[EventCountry "GER"]
[Source "Mike Rosa"]
[SourceDate "2009.01.01"]

1. d4 f5 2. Nf3 Nf6 3. g3 g6 4. Bg2 Bg7 5. O-O O-O 6. c4 d6 7. Nc3 Qe8 8. d5 c6
9. Nd4 e5 10. dxe6 Bxe6 11. Qb3 Bc8 12. Rd1 Na6 13. Bf4 Nc5 14. Qc2 Qe7 15.
Nxc6 bxc6 16. Bxd6 Qe6 17. Bxc5 Re8 18. Nb5 Qe5 1-0

[Event "CCM6 - 13. ORDIX Open"]
[Site "Mainz"]
[Date "2006.??.??"]
[Round "2"]
[White "Schaack, Harry"]
[Black "Volokitin, Aandrei"]
[Result "0-1"]
[WhiteElo "2260"]
[BlackElo "2677"]
[PlyCount "90"]
[EventDate "2006.??.??"]
[EventType "rapid"]
[EventRounds "11"]
[EventCountry "GER"]
[Source "Mike Rosa"]
[SourceDate "2009.01.01"]

1. e4 c5 2. Nf3 e6 3. d4 cxd4 4. Nxd4 Nc6 5. Be2 Nf6 6. Nc3 Bb4 7. O-O Bxc3 8.
bxc3 Nxe4 9. Bf3 d5 10. Bxe4 dxe4 11. Ba3 Nxd4 12. cxd4 Qa5 13. Bd6 Qd5 14. Ba3
b5 15. Qd2 a5 16. Bc5 f6 17. Qe2 Bd7 18. Rfe1 Kf7 19. Qxe4 Qxe4 20. Rxe4 Bc6
21. Re3 Rhc8 22. a3 Bd5 23. f4 Rc6 24. c3 Rac8 25. Kf2 h5 26. Rb1 Bc4 27. Rh3
Rh8 28. g4 Rcc8 29. gxh5 a4 30. Re1 Rce8 31. Bb4 Rh6 32. Bc5 Reh8 33. f5 Rxh5
34. fxe6+ Bxe6 35. Rxh5 Rxh5 36. Kg2 Bd5+ 37. Kg3 Rg5+ 38. Kf4 Rg2 39. h4 Kg6
40. Bb4 Kh5 41. Re8 Rf2+ 42. Kg3 Rf3+ 43. Kh2 Kxh4 44. Rh8+ Kg4 45. Rb8 Rf1 0-1

[Event "CCM6 - 13. ORDIX Open"]
[Site "Mainz"]
[Date "2006.??.??"]
[Round "2"]
[White "Shirov, Alexei"]
[Black "Wichmann, Daniel"]
[Result "1-0"]
[WhiteElo "2699"]
[BlackElo "2265"]
[PlyCount "45"]
[EventDate "2006.??.??"]
[EventType "rapid"]
[EventRounds "11"]
[EventCountry "GER"]
[Source "Mike Rosa"]
[SourceDate "2009.01.01"]

1. d4 f5 2. g3 Nf6 3. Bg2 g6 4. Nf3 Bg7 5. c4 d6 6. O-O O-O 7. b4 Qe8 8. Bb2 h6
9. Nbd2 g5 10. e3 c6 11. Qb3 Qh5 12. d5 cxd5 13. cxd5 f4 14. exf4 gxf4 15. Rfe1
Rf7 16. Rac1 Na6 17. Nh4 Bg4 18. h3 fxg3 19. fxg3 Bd7 20. b5 Nc5 21. Rxc5 dxc5
22. Re5 c4 23. Nxc4 1-0

[Event "CCM6 - 13. ORDIX Open"]
[Site "Mainz"]
[Date "2006.??.??"]
[Round "3"]
[White "Grischuk, Alexander"]
[Black "Dinstuhl, Volkmar"]
[Result "1-0"]
[WhiteElo "2718"]
[BlackElo "2426"]
[PlyCount "96"]
[EventDate "2006.??.??"]
[EventType "rapid"]
[EventRounds "11"]
[EventCountry "GER"]
[Source "Mike Rosa"]
[SourceDate "2009.01.01"]

1. e4 c5 2. Nf3 d6 3. d4 cxd4 4. Nxd4 Nf6 5. Nc3 a6 6. Be3 e5 7. Nb3 Be6 8. Qd2
Be7 9. f3 O-O 10. O-O-O Nbd7 11. g4 Qc7 12. Kb1 b5 13. g5 Nh5 14. f4 Nxf4 15.
Bxf4 exf4 16. Qxf4 Rac8 17. Nd4 Ne5 18. h4 Rfe8 19. h5 b4 20. Nd5 Bxd5 21. exd5
Bf8 22. Bh3 Rb8 23. g6 Kh8 24. gxh7 Qc4 25. h6 Qxd5 26. Nf5 Ng6 27. Qf2 Qc5 28.
Qd2 gxh6 29. Rhf1 d5 30. Bg4 Ne5 31. Be2 Rbc8 32. Rg1 Kxh7 33. Bd3 Nxd3 34.
Qxd3 Qc4 35. Qg3 Qxc2+ 36. Ka1 Qxd1+ 37. Rxd1 Rc6 38. Kb1 Rg6 39. Qd3 Kg8 40.
Qxd5 Re2 41. Nh4 Rg5 42. Qd3 Re6 43. Nf3 Rd6 44. Qf1 Rf6 45. Qe2 Rg3 46. Nd2
Re6 47. Qf2 Rgg6 48. Rf1 Ref6 1-0

[Event "CCM6 - 13. ORDIX Open"]
[Site "Mainz"]
[Date "2006.??.??"]
[Round "3"]
[White "Harikrishna, Pentala"]
[Black "Savchenko, Vyacheslav"]
[Result "1-0"]
[WhiteElo "2682"]
[BlackElo "2395"]
[PlyCount "81"]
[EventDate "2006.??.??"]
[EventType "rapid"]
[EventRounds "11"]
[EventCountry "GER"]
[Source "Mike Rosa"]
[SourceDate "2009.01.01"]

1. e4 c5 2. Nf3 e6 3. d4 cxd4 4. Nxd4 a6 5. Bd3 g6 6. c4 Bg7 7. Nf3 Nc6 8. O-O
d6 9. Nc3 Nf6 10. h3 O-O 11. Bf4 e5 12. Bg5 Be6 13. Qd2 Rc8 14. b3 Qd7 15. Rac1
Nh5 16. Be2 f5 17. exf5 Bxf5 18. Nh2 Nf6 19. Rcd1 Nd4 20. Nf3 Ne4 21. Nxe4 Bxe4
22. Nxd4 exd4 23. Bh6 Be5 24. f4 Bf6 25. Bxf8 Rxf8 26. Bd3 Bc6 27. Rde1 Bh4 28.
Re2 Bg3 29. Be4 Qg7 30. Rf3 Bh4 31. Bxc6 bxc6 32. Qd3 c5 33. Re6 Qd7 34. Qe4
Rf7 35. f5 gxf5 36. Qxh4 Qxe6 37. Rg3+ Kf8 38. Qd8+ Qe8 39. Qxd6+ Qe7 40. Qb8+
Qe8 41. Rg8+ 1-0

[Event "CCM6 - 13. ORDIX Open"]
[Site "Mainz"]
[Date "2006.??.??"]
[Round "3"]
[White "Morozevich, Alexander"]
[Black "Meier, Georg"]
[Result "1-0"]
[WhiteElo "2730"]
[BlackElo "2438"]
[PlyCount "55"]
[EventDate "2006.??.??"]
[EventType "rapid"]
[EventRounds "11"]
[EventCountry "GER"]
[Source "Mike Rosa"]
[SourceDate "2009.01.01"]

1. e4 e6 2. d4 d5 3. Nc3 dxe4 4. Nxe4 Nd7 5. Bd3 Ngf6 6. Nxf6+ Nxf6 7. Bg5 c5
8. dxc5 Bxc5 9. Nf3 h6 10. Bh4 O-O 11. Qd2 b6 12. O-O-O Bb7 13. Rhe1 Be7 14.
Ne5 Nd5 15. Bxe7 Qxe7 16. a3 Qg5 17. Qxg5 hxg5 18. Be4 Rac8 19. g3 Rfd8 20. Rd2
f6 21. Nf3 Kf7 22. Nd4 e5 23. Nb5 a5 24. b3 a4 25. b4 Rc4 26. Kb2 Ke6 27. f3
Bc6 28. Nc7+ 1-0

[Event "CCM6 - 13. ORDIX Open"]
[Site "Mainz"]
[Date "2006.??.??"]
[Round "3"]
[White "Mueller, Matthias"]
[Black "Kasimdzhanov, Rustam"]
[Result "0-1"]
[WhiteElo "2407"]
[BlackElo "2673"]
[PlyCount "60"]
[EventDate "2006.??.??"]
[EventType "rapid"]
[EventRounds "11"]
[EventCountry "GER"]
[Source "Mike Rosa"]
[SourceDate "2009.01.01"]

1. e4 c5 2. Nf3 d6 3. d4 cxd4 4. Nxd4 Nf6 5. Nc3 a6 6. Bg5 Nbd7 7. f4 e6 8. Qf3
h6 9. Bh4 e5 10. Nf5 exf4 11. O-O-O g5 12. Bf2 Ne5 13. Qe2 Bxf5 14. exf5 Bg7
15. h4 Qe7 16. hxg5 hxg5 17. Rxh8+ Bxh8 18. Qd2 O-O-O 19. Bb6 Re8 20. Qxd6 Qxd6
21. Rxd6 Ned7 22. Bg1 Ng4 23. Rd1 Bxc3 24. bxc3 Ne3 25. Bxe3 Rxe3 26. Kd2 Nc5
27. Bc4 f6 28. Rh1 Re5 29. Rh7 Rxf5 30. Rf7 f3 0-1

[Event "CCM6 - 13. ORDIX Open"]
[Site "Mainz"]
[Date "2006.??.??"]
[Round "3"]
[White "Naiditsch, Arkadij"]
[Black "Schlecht, Daniel"]
[Result "1-0"]
[WhiteElo "2669"]
[BlackElo "2386"]
[PlyCount "43"]
[EventDate "2006.??.??"]
[EventType "rapid"]
[EventRounds "11"]
[EventCountry "GER"]
[Source "Mike Rosa"]
[SourceDate "2009.01.01"]

1. e4 c5 2. Nf3 d6 3. d4 cxd4 4. Nxd4 Nf6 5. Nc3 a6 6. Bg5 e6 7. f4 Qc7 8. Bxf6
gxf6 9. Qd2 Nc6 10. O-O-O Bd7 11. Be2 h5 12. Kb1 O-O-O 13. Nb3 Kb8 14. h4 Be7
15. Bf3 Na5 16. Qe2 Nxb3 17. axb3 Qc5 18. f5 b5 19. Bxh5 b4 20. Na4 Bxa4 21.
bxa4 Rh7 22. Bg4 1-0